000
00258nam a2200097Ia 4500
001
987653
005
20250826221123.0
008
250824s9999 xx 000 0 und d
245
0
_a
Dahiler Sınıfı-Nikola Tesla
_c
Daniele Aristarco
260
_b
Domingo Yayınevi
999
_c
987653
_d
987653